Normal view MARC view

Entry Personal Name

Number of records used in: 4

001 - CONTROL NUMBER

  • control field: 258917

003 - CONTROL NUMBER IDENTIFIER

  • control field:

005 - DATE AND TIME OF LATEST TRANSACTION

  • control field: 20210601205824.0

008 - FIXED-LENGTH DATA ELEMENTS

  • fixed length control field: 210601|| aca||aabn | a|a d

040 ## - CATALOGING SOURCE

  • Original cataloging agency:
  • Transcribing agency:

100 ## - HEADING--PERSONAL NAME

  • Personal name: Henry
  • Numeration: IV,
  • Titles and other words associated with a name: King of France,
  • Dates associated with a name: 1553-1610

670 ## - SOURCE DATA FOUND

  • Source citation: Work cat.: (): Pearson, Hesketh, 1887-1964 106595, Henry of Navarre, c1963
                                                                           
web counter

Copyright ©2020 The National Library of India, Govt. of India ↔ Hosted by NVLI, MOC ↔ Technology and Design by National Library of India, Ministry of Culture, Govt. of India